Právní pojmy pro podnikatele.
Vysvetlenie právnych pojmov potrebných pre podnikateľov: Hospodárska súťaž. Nedovolené obmedzovanie hospodárskej súťaže. Nekalá súťaž. Dobré mravy súťaže.
Guardado en:
| Autor principal: | |
|---|---|
| Formato: | Capítulo de libro |
| Lenguaje: | checo |
| Materias: | |
| Etiquetas: |
Sin Etiquetas, Sea el primero en etiquetar este registro!
|
MARC
| LEADER | 00000naa a2200000 4500 | ||
|---|---|---|---|
| 001 | r008606 | ||
| 005 | 20220831084008.5 | ||
| 041 | 0 | |a cze | |
| 044 | |a [CS] | ||
| 245 | 1 | 0 | |a Právní pojmy pro podnikatele. |c Jiří Nesnídal |
| 520 | |a Vysvetlenie právnych pojmov potrebných pre podnikateľov: Hospodárska súťaž. Nedovolené obmedzovanie hospodárskej súťaže. Nekalá súťaž. Dobré mravy súťaže. | ||
| 610 | 2 | 0 | |a pojmy |
| 610 | 2 | 0 | |a terminológia |
| 610 | 2 | 0 | |a právo |
| 610 | 2 | 0 | |a podnikatelia |
| 610 | 2 | 0 | |a zákonník obchodný |
| 610 | 2 | 0 | |a súťaž nekalá |
| 610 | 2 | 0 | |a súťaž hospodárska |
| 100 | 1 | |a Nesnídal, Jiří | |